000 00553nam a22002177a 4500
003 UA-OsUOA
001 20288
007 ta
008 20031020b un ||||| |||| 00| 0 ukr d
090 _a811.133.1
_bВ11
942 _cBK
040 _aUA-OsUOA
_bfre
_cUA-OsUOA
_dUA-OsUOA
245 _aВічна слава героям:
_bGloire eternelle aux heros
_cМ.М.Лисенко
300 _a127 с.
955 _a0
041 _afre
080 _a811.133.1
260 _aКиїв
_bРадянська школа
_c1980
044 _aFR
650 7 _2UDC
999 _c306464
_d306464